Imiona żeńskie na D w rejestrze PESEL - Statystyki

Ogólne statystyki
  • Ten quiz został rozwiązany 130 razy
  • Średni wynik to 5 z 7
Statystyki odpowiedzi
Odpowiedź % Poprawnych
1 Danuta
96%
4 Daria
91%
3 Dominika
86%
2 Dorota
84%
6 Dagmara
60%
5 Diana
53%
7 Daniela
38%
Nie znaleziono quizów pasujących do podanych kryteriów
Rozkład punktacji
Procent ludzi z każdym wynikiem
Percentyl według liczby udzielonych odpowiedzi
Twoja historia wyników
Nie rozwiązałeś tego quizu